Dr. S. R. Lasker Library Online Catalogue

Home      Library Home      Institutional Repository      E-Resources      MyAthens      EWU Home

The new corporate finance : (Record no. 18)

MARC details
000 -LEADER
fixed length control field 01152cam a2200337 a 4500
001 - CONTROL NUMBER
control field 18
003 - CONTROL NUMBER IDENTIFIER
control field BD-DhEWU
005 - DATE AND TIME OF LATEST TRANSACTION
control field 20260330153901.0
008 - FIXED-LENGTH DATA ELEMENTS--GENERAL INFORMATION
fixed length control field 980126s1999 maua g b 001 0 eng d
020 ## - INTERNATIONAL STANDARD BOOK NUMBER
International Standard Book Number 007011675X
International Standard Book Number 0071161511
International Standard Book Number 9780070116757
035 ## - SYSTEM CONTROL NUMBER
System control number (OCoLC)38288667
040 ## - CATALOGING SOURCE
Original cataloging agency DLC
Transcribing agency DLC
Modifying agency DLC
-- BD-DhEWU
Language of cataloging eng
041 ## - LANGUAGE CODE
Language code of text/sound track or separate title eng
050 00 - LIBRARY OF CONGRESS CALL NUMBER
Classification number HG4011
Item number .N44 1999
082 04 - DEWEY DECIMAL CLASSIFICATION NUMBER
Classification number 658.15
Edition number 22
Item number NEW 1999
245 04 - TITLE STATEMENT
Title The new corporate finance :
Remainder of title where theory meets practice /
Statement of responsibility, etc edited by Donald H. Chew, Jr.
250 ## - EDITION STATEMENT
Edition statement 2nd ed.
260 ## - PUBLICATION, DISTRIBUTION, ETC. (IMPRINT)
Place of publication, distribution, etc Boston, MA :
Name of publisher, distributor, etc Irwin/McGraw-Hill,
Date of publication, distribution, etc c1999.
300 ## - PHYSICAL DESCRIPTION
Extent xxiv, 744 p. :
Other physical details ill. ;
Dimensions 24 cm.
490 #0 - SERIES STATEMENT
Series statement The Irwin McGraw-Hill series in finance, insurance, and real estate.
504 ## - BIBLIOGRAPHY, ETC. NOTE
Bibliography, etc Includes bibliographical references and index.
526 ## - STUDY PROGRAM INFORMATION NOTE
Program name BA
590 ## - LOCAL NOTE (RLIN)
Local note Saifun Momota
650 #0 - SUBJECT ADDED ENTRY--TOPICAL TERM
Topical term or geographic name as entry element Corporations
General subdivision Finance.
9 (RLIN) 10838
653 ## - INDEX TERM--UNCONTROLLED
Uncontrolled term Financieel management.
700 1# - ADDED ENTRY--PERSONAL NAME
Personal name Chew, Donald H.
9 (RLIN) 10839
856 42 - ELECTRONIC LOCATION AND ACCESS
Materials specified WorldCat details
Uniform Resource Identifier http://www.worldcat.org/title/new-corporate-finance-where-theory-meets-practice/oclc/38288667&referer=brief_results
942 ## - ADDED ENTRY ELEMENTS (KOHA)
Source of classification or shelving scheme Dewey Decimal Classification
Koha item type Text
Holdings
Withdrawn status Lost status Source of classification or shelving scheme Damaged status Not for loan Collection code Home library Current library Shelving location Date acquired Source of acquisition Cost, normal purchase price Total Checkouts Full call number Barcode Copy number Koha item type
    Dewey Decimal Classification   Not For Loan Non-fiction Dr. S. R. Lasker Library, EWU Dr. S. R. Lasker Library, EWU Reserve Section 19/06/1999 Karim International 0.00   658.15 NEW 1999 7065 C-1 Text
    Dewey Decimal Classification   Not For Loan Non-fiction Dr. S. R. Lasker Library, EWU Dr. S. R. Lasker Library, EWU Reserve Section 19/06/1999 Karim International 915.00   658.15 NEW 1999 7066 C-2 Text